| 000 | 00629nam a2200205 4500 | ||
|---|---|---|---|
| 001 | 109201 | ||
| 003 | ES-MaACL | ||
| 005 | 20240223093200.0 | ||
| 007 | t| | ||
| 008 | 061121s1934 fr r ||||1| fre d | ||
| 100 | 1 |
_aMirsky, D. S., Príncipe. _981632 |
|
| 245 | 1 | 0 |
_aLénine / _cD. S. Mirsky; traduit du russe par Ida Treat et P. Vaillant-Couturier. |
| 260 |
_aParis : _bGallimard, _c1934. |
||
| 300 |
_a221 p. ; _c19 cm. |
||
| 600 | 1 | 4 |
_aLenin, Vladimir Il'ich, _d1870-1924 _971523 |
| 700 | 1 |
_aTreat, Ida. _9111268 |
|
| 700 | 1 |
_aVaillant-Couturier, Paul. _9112414 |
|
| 852 |
_aES-MaACL _jA-3767 |
||
| 999 |
_c109201 _d109201 |
||